000 00453cam a2200145 4500500
005 20251228094319.0
041 _afre
042 _adc
100 1 0 _aBoulet, François
_eauthor
245 0 0 _aLe pasteur Marc Boegner entre 1939 et 1945
260 _c2022.
500 _a67
786 0 _nRevue Sens | 443 | 4 | 2022-07-01 | p. 327-341 | 0337-6222
856 4 1 _uhttps://shs.cairn.info/revue-revue-sens-2022-4-page-327?lang=fr&redirect-ssocas=7080
999 _c1604810
_d1604810